Business Excellence ako podmienka udržania si pozície na trhu
Problematika komplexného systému zvyšovania efektívnosti podnikateľských stratégií firiem cestou dosiahnutia excelentnosti – Business Excellence. Charakteristika významu Business Excellence a faktory, ktoré prispievajú k dosiahnutiu celkovej úspešnosti firiem. Základné metódy Business Excellence (Ba...
Salvato in:
| Autore principale: | |
|---|---|
| Natura: | Capitolo di libro |
| Lingua: | slovacco |
| Soggetti: | |
| Tags: |
Nessun Tag, puoi essere il primo ad aggiungerne!!
|
MARC
| LEADER | 00000nla a2200000 4500 | ||
|---|---|---|---|
| 001 | 0226532 | ||
| 005 | 20240502073728.2 | ||
| 041 | 0 | |a slo | |
| 044 | |a SK | ||
| 245 | 1 | 0 | |a Business Excellence ako podmienka udržania si pozície na trhu |c Lenka Škodová |
| 520 | |a Problematika komplexného systému zvyšovania efektívnosti podnikateľských stratégií firiem cestou dosiahnutia excelentnosti – Business Excellence. Charakteristika významu Business Excellence a faktory, ktoré prispievajú k dosiahnutiu celkovej úspešnosti firiem. Základné metódy Business Excellence (Baldrige model, TQM – EFQM model, Six Sigma). | ||
| 610 | 2 | 0 | |a metódy organizácie |
| 610 | 2 | 0 | |a metódy riadenia |
| 610 | 2 | 0 | |a stratégia podniková |
| 610 | 2 | 0 | |a riadenie kvality |
| 610 | 2 | 0 | |a systémy kvality |
| 610 | 2 | 0 | |a model EFQM |
| 610 | 2 | 0 | |a TQM |
| 100 | 1 | |a Škodová, Lenka | |